2020, un nuevo paradigma : (Registro nro. 62396)

Detalles MARC
000 -LEADER
campo de control de longitud fija 01447cam a2200325 4500
001 - NÚMERO DE CONTROL
campo de control PE-LiUPU
003 - IDENTIFICADOR DE NÚMERO DE CONTROL
campo de control PE-LiUPU
005 - FECHA Y HORA DE LA ÚLTIMA TRANSACCIÓN
campo de control 20240507160002.0
008 - DATOS DE LONGITUD FIJA--INFORMACIÓN GENERAL
campo de control de longitud fija 090421s2009 sp | |||| 001 0 spa
015 ## - NÚMERO DE BIBLIOGRAFÍA NACIONAL
Número de bibliografía nacional MON09
017 ## - NÚMERO DE COPYRIGHT O DE DEPÓSITO LEGAL
Número de copyright o de depósito legal B 2668-2009
Agencia que asigna Oficina Depósito Legal Barcelona
020 ## - NÚMERO INTERNACIONAL ESTÁNDAR DEL LIBRO
Número Internacional Estándar del Libro 9788493619473
035 ## - NÚMERO DE CONTROL DEL SISTEMA
Número de control de sistema (OCoLC)733806853
040 ## - FUENTE DE CATALOGACIÓN
Centro catalogador/agencia de origen PE-LiUPU
Lengua de catalogación spa
Centro/agencia transcriptor PE-LiUPU
Normas de descripción rda
041 1# - CÓDIGO DE IDIOMA
Código de lengua del texto/banda sonora o título independiente spa
Código de lengua original eng
080 ## - NÚMERO DE LA CLASIFICACIÓN DECIMAL UNIVERSAL
Número de la Clasificación Decimal Universal 303.733.4
082 ## - NÚMERO DE LA CLASIFICACIÓN DECIMAL DEWEY
Número de edición 23
Número de clasificación 303.49
Cutter S5292
100 1# - ENTRADA PRINCIPAL--NOMBRE DE PERSONA
Nombre de persona Shapiro, Robert J.
240 10 - TÍTULO UNIFORME
Título uniforme Futurecast
Lenguaje de la obra Español
245 10 - MENCIÓN DEL TÍTULO
Título 2020, un nuevo paradigma :
Resto del título Cómo los retos del futuro cambiarán nuestra forma de vivir y trabajar /
Mención de responsabilidad, etc. Robert J. Shapiro ; [traducción, María Isabel Merino Sánchez]
264 ## - PRODUCCIÓN, PUBLICACIÓN, DISTRIBUCIÓN, FABRICACIÓN Y COPYRIGHT
Producción, publicación, distribución, fabricación y copyright Barcelona :
Nombre del de productor, editor, distribuidor, fabricante Tendencias ;
Fecha de producción, publicación, distribución, fabricación o copyright 2009.
300 ## - DESCRIPCIÓN FÍSICA
Extensión 573 páginas :
Dimensiones 23 centímetros.
490 0# - MENCIÓN DE SERIE
Mención de serie Tendencias
500 ## - NOTA GENERAL
Nota general Incluye notas e Índice temático al final del libro.
505 ## - NOTA DE CONTENIDO CON FORMATO
Nota de contenido con formato El plano global -- El seísmo demográfico -- La primacía de la globalización -- Los 2 polos de la globalización: China y Estados Unidos -- La nueva economía de la decadencia de Europa y Japón -- La nueva geopolítica de la superpotencia única: los actores -- La crisis que se avecina en sanidad, energía y medio ambiente global -- Los comodines de la historia: el terrorismo a gran escala y los avances tecnológicos.
650 #7 - PUNTO DE ACCESO ADICIONAL DE MATERIA--TÉRMINO DE MATERIA
Término de materia o nombre geográfico como elemento de entrada Prospectiva
901 ## - ELEMENTOS DE DATOS A LOCAL LDA (RLIN)
a MON0907
942 ## - ELEMENTOS DE ENTRADA SECUNDARIOS (KOHA)
Fuente del sistema de clasificación o colocación Clasificación Decimal Dewey
Tipo de ítem Koha Libros físicos
Suprimir en OPAC No
956 ## - LOCALIZACIÓN Y ACCESO ELECTRÓNICOS LOCAL (OCLC)
Nombre del host 2
980 ## - EQUIVALENCIA O REFERENCIA-CRUZADA-MENCIÓN DE SERIE--NOMBRE DE PERSONA/TÍTULO [LOCAL, CANADÁ]
ID del usuario creador del registro 18228
Nombre del creador del registro Christian Lazo Analista Documental
ID del último usuario que modificó el registro 18228
Nombre del último usuario que modificó el registro Christian Lazo Analista Documental

No hay ítems disponibles.